000 00943nam a22002417a 4500
999 _c13072
_d13072
003 AR-CdUCM
008 190411b ||||| |||| 00| 0 spa d
040 _aMUNICIPALIDAD PROVINCIAL DEL CUSCO
_cBIBLIOTECA MUNICIPAL DEL CUSCO
082 _a398.982 /
_bL95 / 1943
100 _aLullo, Orestes Di
_931267
245 _aEl folklore de santiago del estero :
_bmateriales para su estudio y ensayos de interpretación /
260 _aTucumán :
_bImpr. Lopez,
_c1943.
300 _a446 páginas ;
_c24 cm.
440 _aInstituto de historia, lingüística y folklore ;
_n10
_931268
505 _aContenido: Fiestas populares -- Costumbres populares -- Danzas populares -- Cantos populares -- Narraciones populares ...
650 _aFolklore
_91081
650 _aCostumbres
_9230
650 _aCantos
_91085
650 _aDanzas
_914459
710 _aUniversidad Nacional de Tucumán
_920491
942 _2ddc
_cLIBROS
945 _aacv
_d2019-04-11